|
|
|
|
| LEADER |
00000nam0a2200000 4500 |
| 001 |
273119 |
| 005 |
20231031225921.0 |
| 035 |
|
|
|a (RuTPU)RU\TPU\book\296328
|
| 035 |
|
|
|a RU\TPU\book\294890
|
| 035 |
|
|
|a RU\TPU\book\296267
|
| 090 |
|
|
|a 273119
|
| 100 |
|
|
|a 20141023d1958 k y0rusy50 ca
|
| 101 |
0 |
|
|a rus
|
| 102 |
|
|
|a RU
|
| 105 |
|
|
|a a z 001zy
|
| 200 |
0 |
|
|a Вып. 2
|f под ред. А. С. Поваренных
|
| 210 |
|
|
|d 1958
|
| 215 |
|
|
|a 84 с.
|c ил.
|
| 333 |
|
|
|a Исключено из фонда НТБ ТПУ
|
| 461 |
|
|
|t Геология и минералогия
|o [сборник научных трудов]
|f Криворожский горнорудный институт
|v Вып. 2
|d 1954-
|s Труды Криворожского горнорудного института
|
| 702 |
|
1 |
|a Поваренных
|b А. С.
|4 340
|
| 801 |
|
1 |
|a RU
|b 63413507
|c 20141010
|
| 801 |
|
2 |
|a RU
|b 63413507
|c 20220512
|g RCR
|
| 942 |
|
|
|c BK
|